| 000 | 00739nam a2200229Ia 4500 | ||
|---|---|---|---|
| 003 | GCL | ||
| 008 | 140319s9999 xx 000 0 ara d | ||
| 040 |
_aGCL / _cGCL |
||
| 082 | 0 | 4 |
_a956.91 _bس ق |
| 100 | 1 | _aسامى حكيم | |
| 245 | 1 | 0 |
_aالقدس والتسوية / _cسامى حكيم |
| 300 | _a296 ص | ||
| 490 |
_aالهيئة العامة للاستعلامات _v0 |
||
| 650 | 0 | 4 | _aالقضية الفلسطينية |
| 650 | 0 | 4 | _aفلسطين المحتلة |
| 650 | 0 | 4 | _aالقدس |
| 650 | 0 | 4 | _aالسلام العالمى |
| 650 | 0 | 4 | _aالتسوية السلمية للمنازعات الدولية |
| 650 | 0 | 4 | _aاسرائيل - الوضع الدولى |
| 650 | 0 | 4 | _aالقدس - تاريخ |
| 942 |
_2ddc _cBK |
||
| 999 |
_c51907 _d51907 |
||